Science Quiz

Random Science Quiz

Femur Quiz Stats

 Plays Quiz not verified by Sporcle

Also try: Hoofed Mammals
Challenge
Share
Tweet
Score 0/13 Timer 10:00
0 Plays Today
number Answer % Correct
4greater trochanter
72.4%
5lesser trochanter
72.4%
1femoral head
67.2%
22intercondylar fossa
47.9%
3femoral neck
46.9%
7intertrochanteric crest
43.2%
18medial femoral condyle
37%
12femoral body
36.5%
16lateral femoral condyle
36.5%
19medial femoral epicondyle
35.9%
17lateral femoral epicondyle
35.4%
2fovea of the femoral head
24%
11medial lip of linea aspera
20.3%

You're not logged in!

Compare scores with friends on all Sporcle quizzes.
OR
Log In

You Might Also Like...

Show Comments

Extras

Created Nov 2, 2014ReportNominate
Tags:femur

Top Quizzes Today


Score Distribution

Your Account Isn't Verified!

In order to create a playlist on Sporcle, you need to verify the email address you used during registration. Go to your Sporcle Settings to finish the process.

Report this User

Report this user for behavior that violates our Community Guidelines.

Details: